Statistics for Arsenal Players of the 2010s

Click here to take the quiz!

General Stats

  • This quiz has been taken 392 times
  • The average score is 51 of 94

Answer Stats

#CountryPlayer% Correct
324WalesAaron Ramsey
97%
244GermanyMesut Özil
94%
150SwitzerlandGranit Xhaka
91%
89GabonPierre-Emerick Aubameyang
91%
166ChileAlexis Sánchez
90%
353FranceLaurent Koscielny
89%
253FranceOlivier Giroud
87%
104FranceAlexandre Lacazette
85%
139CzechiaPetr Čech
84%
221GermanyPer Mertesacker
83%
281EnglandTheo Walcott
83%
188SpainHéctor Bellerín
82%
180SpainSanti Cazorla
81%
106RussiaAndrey Arshavin
80%
170CzechiaTomas Rosicky
79%
59GreeceSokratis
78%
183EnglandJack Wilshere
77%
86NetherlandsRobin van Persie
77%
21EnglandBukayo Saka
76%
89EgyptMohamed Elneny
76%
50SpainCesc Fàbregas
74%
251SpainNacho Monreal
73%
56GermanyBernd Leno
72%
149NigeriaAlex Iwobi
71%
7FranceThierry Henry
71%
180PolandWojciech Szczesny
71%
173FranceBacary Sagna
70%
59ArmeniaHenrikh Mkhitaryan
70%
123BelgiumThomas Vermaelen
70%
88Bosnia & HerzegovinaSead Kolašinac
68%
82GermanyLukas Podolski
67%
150SpainMikel Arteta
66%
66EnglandRob Holding
66%
40Costa RicaJoel Campbell
65%
11ScotlandKieran Tierney
65%
14EnglandSol Campbell
65%
21Ivory CoastNicolas Pépé
64%
125GermanyShkodran Mustafi
64%
100CameroonAlex Song
63%
70ColombiaDavid Ospina
63%
74UruguayLucas Torreira
63%
198EnglandAlex Oxlade-Chamberlain
62%
64FranceGaël Clichy
61%
199EnglandKieran Gibbs
60%
48PolandLukasz Fabianski
60%
69FranceSamir Nasri
60%
101EnglandCalum Chambers
59%
17BrazilGabriel Martinelli
59%
20BrazilDavid Luiz
55%
65DenmarkNicklas Bendtner
55%
126EnglandDanny Welbeck
54%
16ArgentinaEmiliano Martínez
54%
63Ivory CoastGervinho
51%
67MoroccoMarouane Chamakh
51%
25IsraelYossi Benayoun
51%
157FranceFrancis Coquelin
50%
61FranceAbou Diaby
48%
12EnglandEmile Smith Rowe
48%
32SpainManuel Almunia
48%
71FranceMattéo Guendouzi
48%
22MexicoCarlos Vela
45%
93FranceMathieu Flamini
45%
85EnglandAinsley Maitland-Niles
43%
7South KoreaJu-yeong Park
43%
19EnglandEddie Nketiah
42%
67SwitzerlandJohan Djourou
42%
45Ivory CoastEmmanuel Eboué
41%
17SpainDani Ceballos
39%
30FranceMathieu Debuchy
37%
9FranceWilliam Gallas
37%
18GermanySerge Gnabry
36%
27EnglandReiss Nelson
35%
70EnglandCarl Jenkinson
33%
13CroatiaEduardo
33%
41EnglandJoe Willock
33%
23SwitzerlandStephan Lichtsteiner
33%
20FranceYaya Sanogo
32%
33BrazilAndré Santos
29%
48BrazilDenílson
29%
64BrazilGabriel Paulista
29%
8GreeceKonstantinos Mavropanos
27%
21SpainLucas Pérez
27%
39FranceSébastien Squillaci
25%
14ItalyVito Mannone
24%
16GhanaEmmanuel Frimpong
19%
6SpainDenis Suárez
18%
12EnglandChuba Akpom
14%
7JapanRyo Miyaichi
14%
11FranceMikaël Silvestre
12%
14SpainIgnasi Miquel
11%
5EnglandJay Emmanuel-Thomas
11%
6SenegalArmand Traoré
9%
8FranceJeff Reine-Adélaïde
9%
7EnglandCraig Eastmond
2%

Score Distribution

Percentile by Number Answered

Percent of People with Each Score

Your Score History

You have not taken this quiz